Normal view
MARC view
Entry Personal Name
001 - CONTROL NUMBER
- control field: 67948
003 - CONTROL NUMBER IDENTIFIER
- control field: dpl
005 - DATE AND TIME OF LATEST TRANSACTION
- control field: 20240701144259.0
008 - FIXED-LENGTH DATA ELEMENTS
- fixed length control field: 240701|| aca||aabn | a|a d
040 ## - CATALOGING SOURCE
- Original cataloging agency: dpl
- Transcribing agency: dpl
100 ## - HEADING--PERSONAL NAME
- Personal name: Shastri, Acharya Chatursen
670 ## - SOURCE DATA FOUND
- Source citation: Work cat.: (dpl)203844: Shastri, Acharya Chatursen, Bed Time Stories/, 2016
